| 000 | 00424pab a2200157 454500 | ||
|---|---|---|---|
| 008 | 180718b2009 xxu||||| |||| 00| 0 eng d | ||
| 100 | _aMeier, Kenneth J. | ||
| 245 | _aThe dog that didn't bark: how public managers handle environmental shocks | ||
| 260 | _c2009 | ||
| 300 | _ap.485-502. | ||
| 650 | _aManagers | ||
| 700 | _aO'Toole, Laurence J., Jr. | ||
| 773 | _aPublic Administration | ||
| 908 | _aN | ||
| 909 | _a83866 | ||
| 999 |
_c83866 _d83866 |
||